[Event "Obninsk"]
[Site "Obninsk"]
[Date "2012.??.??"]
[Round "11"]
[White "Kozenkov, Evgeny"]
[Black "Vystavkin, Aleksandr"]
[Result "1-0"]
[WhiteElo "1937"]
[BlackElo "2055"]
[PlyCount "37"]
[EventDate "2012.01.11"]
[EventType "tourn"]
[EventRounds "11"]
[EventCountry "RUS"]
[SourceTitle "EXT 2014"]
[Source "ChessBase"]
[SourceDate "2013.11.20"]
[SourceVersion "1"]
[SourceVersionDate "2013.11.20"]
[SourceQuality "1"]

1. d4 Nf6 2. Nf3 e6 3. c4 b6 4. g3 Bb7 5. Bg2 c5 6. d5 d6 7. Nc3 e5 8. 0-0 Be7 9. Nh4 Bc8 10. Qc2 h6 11. Nf5 Bf8 12. f4 g6 13. fxe5 Bxf5 14. e4 Nxe4 15. Nxe4 Bg7 16. Rxf5 gxf5 17. Nxd6+ Kf8 18. Qxf5 Qe7 19. Qc8+ 1-0

[Event "Shepsi Rating"]
[Site "Shepsi"]
[Date "2010.08.24"]
[Round "14"]
[White "Kozenkov, Evgeny"]
[Black "Davydiants, Eduard"]
[Result "0-1"]
[WhiteElo "1857"]
[BlackElo "2223"]
[PlyCount "78"]
[EventDate "2010.08.16"]
[EventType "tourn"]
[EventRounds "14"]
[EventCountry "RUS"]
[SourceTitle "EXT 2022"]
[Source "ChessBase"]
[SourceDate "2021.10.06"]
[SourceVersion "1"]
[SourceVersionDate "2021.10.06"]
[SourceQuality "1"]

1. Nf3 Nf6 2. d4 g6 3. g3 Bg7 4. Bg2 d6 5. 0-0 0-0 6. c4 Nc6 7. Nbd2 e5 8. d5 Ne7 9. e4 Nd7 10. Ne1 f5 11. Nd3 c6 12. f3 Nf6 13. Qb3 Kh8 14. Qd1 Rb8 15. Kh1 b5 16. cxb5 cxd5 17. a4 a6 18. Nb4 axb5 19. a5 Ra8 20. Nb3 fxe4 21. fxe4 d4 22. Bf3 Nd7 23. Qe2 Nc5 24. Nxc5 dxc5 25. Nd5 Nxd5 26. exd5 Bb7 27. Bd2 Bxd5 28. Rae1 Rxf3 29. Rxf3 e4 30. Ra3 d3 31. Qe3 Bd4 32. Bc3 Qf6 33. a6 b4 34. Bxd4 cxd4 35. Qf4 Qxf4 36. gxf4 e3+ 37. Kg1 d2 38. Rd1 e2 39. Raa1 Rxa6 0-1

[Event "Shepsi Rating"]
[Site "Shepsi"]
[Date "2010.08.20"]
[Round "8"]
[White "Kushnerev, Oleg"]
[Black "Kozenkov, Evgeny"]
[Result "1/2-1/2"]
[WhiteElo "1818"]
[BlackElo "1857"]
[PlyCount "33"]
[EventDate "2010.08.16"]
[EventType "tourn"]
[EventRounds "14"]
[EventCountry "RUS"]
[SourceTitle "EXT 2022"]
[Source "ChessBase"]
[SourceDate "2021.10.06"]
[SourceVersion "1"]
[SourceVersionDate "2021.10.06"]
[SourceQuality "1"]

1. d4 Nf6 2. Nf3 d5 3. c4 c6 4. Nc3 e6 5. Bg5 Nbd7 6. cxd5 exd5 7. e3 Be7 8. Bd3 0-0 9. Qc2 Re8 10. 0-0 Nf8 11. Bxf6 Bxf6 12. b4 Bg4 13. Nd2 g6 14. Be2 Bf5 15. Bd3 Bg4 16. Be2 Bf5 17. Bd3 1/2-1/2

[Event "Shepsi Rating"]
[Site "Shepsi"]
[Date "2010.08.17"]
[Round "3"]
[White "Kozenkov, Evgeny"]
[Black "Khlichkova, Tatiana"]
[Result "1/2-1/2"]
[WhiteElo "1857"]
[BlackElo "2062"]
[PlyCount "106"]
[EventDate "2010.08.16"]
[EventType "tourn"]
[EventRounds "14"]
[EventCountry "RUS"]
[SourceTitle "EXT 2022"]
[Source "ChessBase"]
[SourceDate "2021.10.06"]
[SourceVersion "1"]
[SourceVersionDate "2021.10.06"]
[SourceQuality "1"]

1. d4 g6 2. e4 Bg7 3. c4 d6 4. g3 f5 5. Bg2 fxe4 6. Bxe4 Nf6 7. Bg2 c6 8. Nf3 0-0 9. 0-0 Be6 10. Qe2 Bf5 11. Re1 Re8 12. Nc3 Na6 13. Bg5 Qd7 14. Rad1 h6 15. Bc1 Nh7 16. Nh4 Nf6 17. f3 g5 18. Nxf5 Qxf5 19. Ne4 Nc7 20. b4 d5 21. Nc3 dxc4 22. Qxc4+ Nfd5 23. f4 e6 24. Ne4 Nb5 25. a4 Nb6 26. Qc5 Nxa4 27. Qc2 Nb6 28. Bb2 g4 29. Qd3 Nd5 30. Bf1 Rad8 31. Qc2 Nxb4 32. Qc4 Nd5 33. Bd3 Nb6 34. Qb4 Qh5 35. Bxb5 cxb5 36. Nc5 Qd5 37. Qxb5 Kf7 38. Qe2 Nc4 39. Bc3 b6 40. Ne4 Nd6 41. Nxd6+ Rxd6 42. Qxg4 Qf5 43. Qe2 Red8 44. Qa6 R8d7 45. Qa4 Bf6 46. Rd2 h5 47. Qd1 a5 48. Re5 Qg4 49. Rxh5 Qxd1+ 50. Rxd1 Bxd4+ 51. Bxd4 Rxd4 52. Rh7+ Ke8 53. Rh8+ Ke7 1/2-1/2